000
00298nam a22001337a 4500
008
181022b xxu||||| |||| 00| 0 eng d
020
_a
9780137540860
041
_a
eng
080
_a
574
100
_a
9
101
_a
MJE
245
_a
Elemental Geosystems
_c
Christopherson, R.W
942
_2
udc
_c
BK
999
_c
50532
_d
50532